Régimen de sociedades comerciales : ley general 19.550 /

Guardado en:
Autor Principal: Zunino, Jorge Osvaldo.
Formato: Desconocido
Idioma:Spanish
Publicado: Buenos Aires : Astrea, 2017
Edición:27a. ed. act. y amp.
Series:Textos legales Astrea
Materias:
Etiquetas: Agregar Etiqueta
Sin Etiquetas, Sea el primero en etiquetar este registro!
LEADER 00933nac a22001935a 4500
001 DER.der013340
008 180615s2017####ag#||||||||||||||#||spa||
005 20250711123126.0
245 1 0 |a Régimen de sociedades comerciales :  |b ley general 19.550 /  |c revisado y comentado por Jorge Osvaldo Zunino. 
250 |a 27a. ed. act. y amp. 
260 |a Buenos Aires :  |b Astrea,  |c 2017 
300 |a 710 p. 
440 0 |a Textos legales Astrea 
500 |a Texto ordenado 1984 según decreto 841/84. Complementaria del Código Civil y Comercial. 
500 |a Leyes 22.169, 22.315, 22.316, 24.409, 24.467, 24.522, 24.587, 26.047, 26.831, 26.994, 27.290 y 27.349; regímenes de obligaciones negociables, mercado de capitales y sociedades por acciones simplificadas (SAS). Concordado con las normas de la IGJ. 
020 |a 9789877061802 
100 1 |a Zunino, Jorge Osvaldo. 
650 7 |a DERECHO SOCIETARIO 
859 |a DERECHO  |b BIB. DERECHO  |h 346.07  |i ZUN  |p 008274